000
00314nam a2200133Ia 4500
008
200103s9999||||xx |||||||||||||| ||und||
040
_a
IMU-MPC
082
_a
Column-31
100
_a
Ballaney, P.L.
245
0
_a
Theory of Machines
260
_b
Khanna Publishers, Delhi
_c
1985
300
_a
xvi, 1310
942
_c
BK
999
_c
7511
_d
7511